|
|
|
|
| LEADER |
01647nam a2200421 a 4500 |
| 001 |
EBC3385681 |
| 003 |
MiAaPQ |
| 005 |
20200520144314.0 |
| 006 |
m o d | |
| 007 |
cr cn||||||||| |
| 008 |
110708s2011 dcuad sb 001 0 eng d |
| 010 |
|
|
|z 2011028494
|
| 020 |
|
|
|z 9780881324365
|
| 020 |
|
|
|a 9780881326086 (electronic bk.)
|
| 035 |
|
|
|a (MiAaPQ)EBC3385681
|
| 035 |
|
|
|a (Au-PeEL)EBL3385681
|
| 035 |
|
|
|a (CaPaEBR)ebr10509374
|
| 035 |
|
|
|a (CaONFJC)MIL331967
|
| 035 |
|
|
|a (OCoLC)923328343
|
| 040 |
|
|
|a MiAaPQ
|c MiAaPQ
|d MiAaPQ
|
| 043 |
|
|
|a n------
|
| 050 |
|
4 |
|a HF1746
|b .F53 2011
|
| 082 |
0 |
4 |
|a 363.738/746097
|2 23
|
| 100 |
1 |
|
|a Fickling, Meera.
|
| 245 |
1 |
0 |
|a NAFTA and climate change
|h [electronic resource] /
|c Meera Fickling & Jeffrey J. Schott.
|
| 260 |
|
|
|a Washington, D.C. :
|b Peterson Institute for International Economics,
|c 2011.
|
| 300 |
|
|
|a xi, 162 p. :
|b ill.
|
| 504 |
|
|
|a Includes bibliographical references and index.
|
| 533 |
|
|
|a Electronic reproduction. Ann Arbor, MI : ProQuest, 2015. Available via World Wide Web. Access may be limited to ProQuest affiliated libraries.
|
| 650 |
|
0 |
|a Free trade
|x Environmental aspects
|z North America.
|
| 650 |
|
0 |
|a Free trade
|x Government policy
|z North America.
|
| 650 |
|
0 |
|a Greenhouse gas mitigation
|x Economic aspects
|z North America.
|
| 650 |
|
0 |
|a Environmental policy
|z North America.
|
| 650 |
|
0 |
|a Climatic changes
|x Government policy
|z North America.
|
| 655 |
|
4 |
|a Electronic books.
|
| 700 |
1 |
|
|a Schott, Jeffrey J.,
|d 1949-
|
| 710 |
2 |
|
|a ProQuest (Firm)
|
| 856 |
4 |
0 |
|u https://ebookcentral.proquest.com/lib/matrademy/detail.action?docID=3385681
|z Click to View
|